[Event "Montcalm op 6 2012-13"]
[Site "Quebec CAN"]
[Date "2013.03.28"]
[Round "2"]
[White "Bourassa, Andre"]
[Black "Dumont, Eric"]
[Result "0-1"]
[WhiteElo "1761"]
[BlackElo "1692"]
[PlyCount "66"]
[GameId "2160767909373024"]
[EventDate "2013.03.21"]
[EventType "swiss"]
[EventRounds "5"]
[EventCountry "CAN"]
[SourceTitle "EXT 2022"]
[Source "ChessBase"]
[SourceDate "2021.10.06"]
[SourceVersion "1"]
[SourceVersionDate "2021.10.06"]
[SourceQuality "1"]

1. d4 Nf6 2. c4 g6 3. Nc3 Bg7 4. e4 d6 5. Bd3 O-O 6. Nge2 Nc6 7. O-O e5 8. d5 Ne7 9. f3 Nh5 10. g4 Nf6 11. h3 Ne8 12. Kg2 f5 13. exf5 gxf5 14. Qc2 c6 15. Ng3 Nf6 16. Nxf5 Bxf5 17. Bxf5 Nxf5 18. Qxf5 Qc7 19. Qd3 Rf7 20. Bg5 Nd7 21. Ne4 c5 22. Rf2 Nf8 23. Be3 Ng6 24. Ng5 Rf6 25. Ne6 Qd7 26. Qe4 b5 27. cxb5 Rb8 28. a4 a6 29. bxa6 Rb4 30. Qc2 Qa7 31. Qc3 Qxa6 32. Bxc5 Rc4 33. Qd3 Rxg4+ 0-1

[Event "Montcalm op 6 2012-13"]
[Site "Quebec CAN"]
[Date "2013.03.28"]
[Round "2"]
[White "Myre, Eric"]
[Black "Dube, Daniel"]
[Result "1-0"]
[WhiteElo "1968"]
[BlackElo "1821"]
[PlyCount "59"]
[GameId "2160767909373025"]
[EventDate "2013.03.21"]
[EventType "swiss"]
[EventRounds "5"]
[EventCountry "CAN"]
[SourceTitle "EXT 2022"]
[Source "ChessBase"]
[SourceDate "2021.10.06"]
[SourceVersion "1"]
[SourceVersionDate "2021.10.06"]
[SourceQuality "1"]

1. d4 Nf6 2. c4 e6 3. Nf3 Bb4+ 4. Bd2 Qe7 5. a3 Bxd2+ 6. Qxd2 d6 7. Nc3 e5 8. d5 e4 9. Nd4 O-O 10. e3 Ng4 11. Be2 Re8 12. h3 Qh4 13. O-O Nh6 14. Rfe1 Re5 15. f4 Re8 16. Bf1 Nf5 17. Nxf5 Bxf5 18. Kh2 h5 19. g3 Qe7 20. Nb5 Bd7 21. Nd4 a5 22. Be2 h4 23. Rg1 hxg3+ 24. Rxg3 Kh7 25. Bg4 g6 26. Rag1 Rg8 27. Qf2 Bxg4 28. Rxg4 Nd7 29. Rh4+ Kg7 30. Nf5+ 1-0

[Event "Montcalm op 6 2012-13"]
[Site "Quebec CAN"]
[Date "2013.04.04"]
[Round "3"]
[White "Boulianne, Gabriel"]
[Black "Bourassa, Andre"]
[Result "0-1"]
[WhiteElo "1765"]
[BlackElo "1761"]
[PlyCount "118"]
[GameId "2160767909373026"]
[EventDate "2013.03.21"]
[EventType "swiss"]
[EventRounds "5"]
[EventCountry "CAN"]
[SourceTitle "EXT 2022"]
[Source "ChessBase"]
[SourceDate "2021.10.06"]
[SourceVersion "1"]
[SourceVersionDate "2021.10.06"]
[SourceQuality "1"]

1. e4 e6 2. d4 d5 3. Nc3 dxe4 4. Nxe4 c5 5. Be3 cxd4 6. Qxd4 Qxd4 7. Bxd4 Nc6 8. Bb5 Bd7 9. Bc3 a6 10. Be2 e5 11. Rd1 Nh6 12. Nd6+ Bxd6 13. Rxd6 Ke7 14. Rd2 f6 15. Bf3 Rhd8 16. Ne2 Be8 17. O-O Rxd2 18. Bxd2 Nf7 19. Rd1 f5 20. Bxc6 Bxc6 21. Bb4+ Ke6 22. f4 Rd8 23. Rxd8 Nxd8 24. fxe5 g5 25. Bc3 Be4 26. Nd4+ Kd5 27. Nf3 Bxf3 28. gxf3 Nf7 29. Kf2 Nxe5 30. Bd2 f4 31. b3 b5 32. Ke2 Ng6 33. Be1 h5 34. Kd3 Ne5+ 35. Ke2 Nc6 36. Kd3 Ne5+ 37. Ke2 g4 38. Bd2 gxf3+ 39. Kf1 Ke4 40. h3 Nc6 41. c3 Ne7 42. Kf2 Nc6 43. c4 bxc4 44. bxc4 Ne5 45. Bc1 Nd3+ 46. Kf1 Nxc1 47. c5 Kd5 48. c6 Kxc6 49. Kf2 Nxa2 50. Kxf3 Nb4 51. Kxf4 Kd5 52. Kg5 Nd3 53. h4 Ke4 54. Kxh5 a5 55. Kg4 Nf4 56. Kg3 a4 57. Kf2 a3 58. Ke1 a2 59. Kd2 a1=Q 0-1

[Event "Montcalm op 6 2012-13"]
[Site "Quebec CAN"]
[Date "2013.04.11"]
[Round "4"]
[White "Boulianne, Gabriel"]
[Black "Cummins, Paul"]
[Result "1-0"]
[WhiteElo "1765"]
[BlackElo "1761"]
[PlyCount "87"]
[GameId "2160767909373027"]
[EventDate "2013.03.21"]
[EventType "swiss"]
[EventRounds "5"]
[EventCountry "CAN"]
[SourceTitle "EXT 2022"]
[Source "ChessBase"]
[SourceDate "2021.10.06"]
[SourceVersion "1"]
[SourceVersionDate "2021.10.06"]
[SourceQuality "1"]

1. d4 Nf6 2. c4 e6 3. Nf3 d5 4. Nc3 c6 5. e3 Nbd7 6. Bd3 Bd6 7. e4 dxe4 8. Nxe4 Nxe4 9. Bxe4 c5 10. O-O a6 11. b3 cxd4 12. Qxd4 Be7 13. Bb2 Bf6 14. Qd2 O-O 15. Rad1 Bxb2 16. Qxb2 Qf6 17. Qd2 h6 18. Bb1 Ne5 19. Nxe5 Qxe5 20. Rfe1 Qh5 21. Qd3 g6 22. Qd4 Qg5 23. Re3 f5 24. Rg3 Qf6 25. Qxf6 Rxf6 26. Rd8+ Kg7 27. f4 Rf7 28. Rgd3 Re7 29. Kf2 b6 30. R3d6 b5 31. Rc6 Bd7 32. Rxa8 Bxc6 33. Rxa6 Bb7 34. cxb5 Bxa6 35. bxa6 Rd7 36. Ke3 Kf7 37. Bd3 Ke7 38. b4 Kd6 39. b5 Kc5 40. a4 Kb6 41. Be2 Rd6 42. Bf3 Rd8 43. Bb7 Rd1 44. a5+ 1-0

[Event "Montcalm op 6 2012-13"]
[Site "Quebec CAN"]
[Date "2013.04.11"]
[Round "4"]
[White "Bourassa, Andre"]
[Black "Lapierre, Gaetan"]
[Result "0-1"]
[WhiteElo "1761"]
[BlackElo "1756"]
[PlyCount "70"]
[GameId "2160767909373028"]
[EventDate "2013.03.21"]
[EventType "swiss"]
[EventRounds "5"]
[EventCountry "CAN"]
[SourceTitle "EXT 2022"]
[Source "ChessBase"]
[SourceDate "2021.10.06"]
[SourceVersion "1"]
[SourceVersionDate "2021.10.06"]
[SourceQuality "1"]

1. d4 Nf6 2. c4 c5 3. d5 b5 4. cxb5 a6 5. bxa6 Bxa6 6. g3 d6 7. Bg2 Nbd7 8. Nc3 g6 9. Nh3 Bg7 10. O-O O-O 11. Qc2 Ra7 12. f4 Qa8 13. f5 Nb6 14. fxg6 hxg6 15. Nf4 Ng4 16. Be4 Ne5 17. Bd2 Nbc4 18. Nxg6 Nxd2 19. Nxe7+ Rxe7 20. Qxd2 Qe8 21. Qg5 Ng6 22. Bxg6 fxg6 23. Rxf8+ Kxf8 24. Qf4+ Kg8 25. Qxd6 Bd4+ 26. Kh1 Bxe2 27. Kg2 Bg4 28. Qf4 Re2+ 29. Kh1 Re1+ 30. Kg2 Rxa1 31. Qxg4 Bxc3 32. bxc3 Rxa2+ 33. Kh3 Kg7 34. d6 Qh8+ 35. Qh4 Qxh4+ 0-1

[Event "Montcalm op 6 2012-13"]
[Site "Quebec CAN"]
[Date "2013.04.18"]
[Round "5"]
[White "Cummins, Paul"]
[Black "Bourassa, Andre"]
[Result "1-0"]
[WhiteElo "1761"]
[BlackElo "1761"]
[PlyCount "119"]
[GameId "2160767909373029"]
[EventDate "2013.03.21"]
[EventType "swiss"]
[EventRounds "5"]
[EventCountry "CAN"]
[SourceTitle "EXT 2022"]
[Source "ChessBase"]
[SourceDate "2021.10.06"]
[SourceVersion "1"]
[SourceVersionDate "2021.10.06"]
[SourceQuality "1"]

1. d4 e6 2. c4 d5 3. g3 Nf6 4. Bg2 Be7 5. Nf3 c6 6. b3 Nbd7 7. O-O O-O 8. Nbd2 Re8 9. Qc2 Bd6 10. Bb2 e5 11. dxe5 Nxe5 12. c5 Bc7 13. Nd4 Neg4 14. N2f3 Qe7 15. b4 Ne4 16. b5 Ngxf2 17. Rxf2 Nxf2 18. Kxf2 Qe3+ 19. Kf1 Bd7 20. a4 Ba5 21. Ra3 Qe4 22. Rd3 Bb4 23. Nh4 Qe7 24. bxc6 bxc6 25. Nhf5 Qxc5 26. Qxc5 Bxc5 27. Nxg7 Reb8 28. Nb3 Bd6 29. g4 Bxg4 30. e4 Rb4 31. Ba3 Rxb3 32. Rxb3 Bxa3 33. Rxa3 Kxg7 34. Rg3 h5 35. h3 dxe4 36. hxg4 hxg4 37. Rxg4+ Kf6 38. Rxe4 Rc8 39. Ke2 Rc7 40. Kd3 Rd7+ 41. Kc4 Rd2 42. Bh3 Rc2+ 43. Kb3 Rc1 44. Bd7 c5 45. Kb2 Rd1 46. Bg4 Rd4 47. Rxd4 cxd4 48. Kc2 Ke5 49. Kd3 Kd5 50. Bf3+ Kc5 51. Bg4 Kd5 52. Bf3+ Kc5 53. Be4 Kb4 54. Bc6 Kc5 55. Be8 f6 56. Bd7 Kd6 57. Be8 Kc5 58. Bb5 Kb4 59. Kxd4 a6 60. Be8 1-0

[Event "Montcalm op 6 2012-13"]
[Site "Quebec CAN"]
[Date "2013.04.18"]
[Round "5"]
[White "Dumont, Eric"]
[Black "Boulianne, Gabriel"]
[Result "1/2-1/2"]
[WhiteElo "1692"]
[BlackElo "1765"]
[PlyCount "54"]
[GameId "2160767909373030"]
[EventDate "2013.03.21"]
[EventType "swiss"]
[EventRounds "5"]
[EventCountry "CAN"]
[SourceTitle "EXT 2022"]
[Source "ChessBase"]
[SourceDate "2021.10.06"]
[SourceVersion "1"]
[SourceVersionDate "2021.10.06"]
[SourceQuality "1"]

1. d4 Nf6 2. Nf3 c5 3. Bf4 d6 4. e3 Qb6 5. Nc3 Qxb2 6. Nb5 Qb4+ 7. c3 Qa5 8. Qb3 a6 9. Na3 Be6 10. Nc4 Qc7 11. Ng5 Bd5 12. Qc2 h6 13. Nf3 Nbd7 14. Be2 Rc8 15. Nce5 dxe5 16. dxe5 g5 17. Bg3 Qc6 18. exf6 Qxf6 19. Rd1 Bc6 20. O-O Bg7 21. c4 O-O 22. Rd2 Nb6 23. Ne5 Ba4 24. Qe4 Qe6 25. f4 Bxe5 26. fxe5 Bc6 27. Qc2 Rcd8 1/2-1/2

[Event "Montcalm op 7 2012-13"]
[Site "Quebec CAN"]
[Date "2013.04.25"]
[Round "1"]
[White "Martin, Jerome"]
[Black "Boulianne, Gabriel"]
[Result "0-1"]
[WhiteElo "1318"]
[BlackElo "1767"]
[PlyCount "54"]
[GameId "2160767909356273"]
[EventDate "2013.04.25"]
[EventType "swiss"]
[EventRounds "5"]
[EventCountry "CAN"]
[SourceTitle "EXT 2022"]
[Source "ChessBase"]
[SourceDate "2021.10.06"]
[SourceVersion "1"]
[SourceVersionDate "2021.10.06"]
[SourceQuality "1"]

1. e4 e5 2. Nf3 Nc6 3. b3 Bc5 4. Bb5 Nf6 5. O-O O-O 6. Bb2 d6 7. Nc3 Nd4 8. Bc4 c6 9. h3 b5 10. Bd3 h6 11. a3 a5 12. Nb1 Ne6 13. c3 Nf4 14. Be2 Nxe4 15. d3 Ng3 16. Kh2 Nxf1+ 17. Qxf1 Nxe2 18. Qxe2 Re8 19. Nbd2 d5 20. Qd1 Bxf2 21. d4 e4 22. Ne5 Qc7 23. c4 f6 24. Qe2 e3 25. Nf1 fxe5 26. Nxe3 exd4+ 27. g3 Qxg3+ 0-1

[Event "Montcalm op 7 2012-13"]
[Site "Quebec CAN"]
[Date "2013.04.25"]
[Round "1"]
[White "Ripoll, Arthur"]
[Black "Bluteau, Yvon"]
[Result "0-1"]
[WhiteElo "1560"]
[BlackElo "1822"]
[PlyCount "104"]
[GameId "2160767909356274"]
[EventDate "2013.04.25"]
[EventType "swiss"]
[EventRounds "5"]
[EventCountry "CAN"]
[SourceTitle "EXT 2022"]
[Source "ChessBase"]
[SourceDate "2021.10.06"]
[SourceVersion "1"]
[SourceVersionDate "2021.10.06"]
[SourceQuality "1"]

1. e4 b6 2. d4 Bb7 3. Bd3 e6 4. Nf3 Nf6 5. Nc3 Bb4 6. Bg5 h6 7. Bh4 g5 8. Nxg5 hxg5 9. Bxg5 Be7 10. Qd2 Nc6 11. Be2 d5 12. e5 Ne4 13. Nxe4 dxe4 14. Be3 Qd7 15. O-O-O O-O-O 16. Bb5 a6 17. Ba4 Qe8 18. c3 b5 19. Bc2 Nxe5 20. b3 Ng4 21. Bf4 Bd6 22. h3 Nf6 23. Bg5 Be7 24. Qe1 Qc6 25. Kb2 Ng8 26. Qe3 Qd5 27. Bf4 Bd6 28. Rc1 Bxf4 29. Qxf4 f5 30. Rhd1 Qd6 31. Qe3 Kb8 32. c4 bxc4 33. bxc4 Ne7 34. Bb3 f4 35. Qc3 Nf5 36. c5 Qc6 37. Qb4 Rhe8 38. Ba4 Qd5 39. c6 Nd6 40. Rc5 a5 41. Qxa5 Nc4+ 42. Kc3 Nxa5 43. Rxd5 exd5 44. cxb7 Re6 45. Rb1 Rb6 46. Re1 Nxb7 47. Bb3 Na5 48. Bc2 Rg8 49. f3 e3 50. Bf5 Rxg2 51. Rh1 Rxa2 52. h4 Rb3# 0-1

[Event "Montcalm op 7 2012-13"]
[Site "Quebec CAN"]
[Date "2013.04.25"]
[Round "1"]
[White "Tanguay, Guillaume"]
[Black "Bourassa, Andre"]
[Result "0-1"]
[WhiteElo "1258"]
[BlackElo "1715"]
[PlyCount "72"]
[GameId "2160767909356275"]
[EventDate "2013.04.25"]
[EventType "swiss"]
[EventRounds "5"]
[EventCountry "CAN"]
[SourceTitle "EXT 2022"]
[Source "ChessBase"]
[SourceDate "2021.10.06"]
[SourceVersion "1"]
[SourceVersionDate "2021.10.06"]
[SourceQuality "1"]

1. e4 c5 2. Nf3 d6 3. Nc3 e5 4. Be2 Nc6 5. d3 Nd4 6. Nxd4 cxd4 7. Nd5 Be6 8. c4 Ne7 9. O-O Nxd5 10. cxd5 Bd7 11. Bg4 Be7 12. a4 O-O 13. b4 f5 14. Bh3 Rc8 15. a5 g5 16. Bxf5 Bxf5 17. exf5 Rxf5 18. Qg4 Rf7 19. h4 Rg7 20. h5 h6 21. Qe6+ Kh7 22. g4 Qf8 23. b5 Rd8 24. Bd2 Qf3 25. Rac1 Rf8 26. Rc7 Rf6 27. Qc8 Qxd3 28. Qxb7 Rff7 29. b6 axb6 30. a6 Qf3 31. Qc8 Qxd5 32. a7 Rf8 33. Qa6 Qf3 34. Rb7 Qxg4+ 35. Kh2 Rf3 36. Bxg5 Rh3# 0-1

[Event "Montcalm op 7 2012-13"]
[Site "Quebec CAN"]
[Date "2013.05.02"]
[Round "2"]
[White "Boulianne, Gabriel"]
[Black "Bourassa, Andre"]
[Result "1-0"]
[WhiteElo "1767"]
[BlackElo "1715"]
[PlyCount "75"]
[GameId "2160767909364468"]
[EventDate "2013.04.25"]
[EventType "swiss"]
[EventRounds "5"]
[EventCountry "CAN"]
[SourceTitle "EXT 2022"]
[Source "ChessBase"]
[SourceDate "2021.10.06"]
[SourceVersion "1"]
[SourceVersionDate "2021.10.06"]
[SourceQuality "1"]

1. e4 e6 2. d4 d5 3. Nc3 dxe4 4. Nxe4 Nf6 5. Nxf6+ Qxf6 6. Nf3 h6 7. Be2 Nd7 8. O-O Bd6 9. c4 c6 10. b3 O-O 11. Bb2 Qe7 12. Re1 b6 13. Qc2 Bb7 14. Ne5 Nxe5 15. dxe5 Bb4 16. Red1 Rad8 17. a3 Bc5 18. b4 Bxf2+ 19. Kxf2 c5 20. Kg1 Qg5 21. Bf1 Bf3 22. Rxd8 Rxd8 23. Qf2 Be4 24. Bc3 cxb4 25. axb4 Rd7 26. Ra2 Qc1 27. Rd2 Rd3 28. Rxd3 Bxd3 29. Qe1 Qxe1 30. Bxe1 Be4 31. b5 Kf8 32. Bb4+ Ke8 33. Bd6 h5 34. Bb8 Kd7 35. Bxa7 Kc7 36. c5 bxc5 37. Bxc5 g6 38. Be2 1-0

[Event "Montcalm op 7 2012-13"]
[Site "Quebec CAN"]
[Date "2013.05.02"]
[Round "2"]
[White "Hines, Jason"]
[Black "Ripoll, Arthur"]
[Result "0-1"]
[WhiteElo "1260"]
[BlackElo "1560"]
[PlyCount "84"]
[GameId "2160767909364469"]
[EventDate "2013.04.25"]
[EventType "swiss"]
[EventRounds "5"]
[EventCountry "CAN"]
[SourceTitle "EXT 2022"]
[Source "ChessBase"]
[SourceDate "2021.10.06"]
[SourceVersion "1"]
[SourceVersionDate "2021.10.06"]
[SourceQuality "1"]

1. c4 e5 2. Nc3 f5 3. e3 Nf6 4. Qc2 e4 5. d3 Bb4 6. Bd2 Qe7 7. dxe4 fxe4 8. Nge2 b6 9. Ng3 Bb7 10. Be2 O-O 11. O-O-O a5 12. Nf5 Qe5 13. g4 Na6 14. a3 Nc5 15. Kb1 Nd3 16. f4 Qe6 17. Rhg1 Qxc4 18. g5 Nd5 19. Nd4 Bxc3 20. bxc3 c5 21. Nb3 Qb5 22. Ka1 Qa4 23. Ka2 N5b4+ 24. cxb4 axb4 25. Ra1 Bd5 26. Bxd3 exd3 27. Qb2 c4 28. Bxb4 Qxb4 29. Kb1 Qxb3 30. Qxb3 cxb3 31. Rd1 Bc4 32. Kb2 b5 33. Rd2 Rae8 34. Re1 Re4 35. Kc3 Rfxf4 36. exf4 Rxe1 37. Rf2 Re2 38. Rf1 Rc2+ 39. Kb4 d5 40. Re1 b2 41. f5 d2 42. g6 dxe1=Q+ 0-1

[Event "Montcalm op 7 2012-13"]
[Site "Quebec CAN"]
[Date "2013.05.09"]
[Round "3"]
[White "Bourassa, Andre"]
[Black "Arcand, Christian"]
[Result "1-0"]
[WhiteElo "1715"]
[BlackElo "1262"]
[PlyCount "63"]
[GameId "2160767909364470"]
[EventDate "2013.04.25"]
[EventType "swiss"]
[EventRounds "5"]
[EventCountry "CAN"]
[SourceTitle "EXT 2022"]
[Source "ChessBase"]
[SourceDate "2021.10.06"]
[SourceVersion "1"]
[SourceVersionDate "2021.10.06"]
[SourceQuality "1"]

1. d4 Nf6 2. c4 e6 3. Nc3 d5 4. e3 Be7 5. Nf3 Nbd7 6. Ne5 O-O 7. cxd5 exd5 8. Bd3 Bd6 9. f4 c6 10. O-O Bc7 11. Qb3 Nxe5 12. fxe5 Ne4 13. Nxe4 dxe4 14. Bxe4 Qh4 15. Qc2 f5 16. Bxc6 Rf6 17. Bd5+ Be6 18. Qxc7 Bxd5 19. exf6 Qxf6 20. Qd7 Be4 21. Bd2 Qb6 22. Bc3 Rd8 23. Qe7 h6 24. d5 Qxe3+ 25. Rf2 Qg5 26. Qxg5 hxg5 27. Rd1 g6 28. Bf6 Rc8 29. Bxg5 Rc2 30. Rxc2 Bxc2 31. Rc1 Ba4 32. Rc7 1-0

[Event "Montcalm op 7 2012-13"]
[Site "Quebec CAN"]
[Date "2013.05.09"]
[Round "3"]
[White "Doyon, Stephane"]
[Black "Boulianne, Gabriel"]
[Result "1/2-1/2"]
[WhiteElo "1756"]
[BlackElo "1767"]
[PlyCount "30"]
[GameId "2160767909364471"]
[EventDate "2013.04.25"]
[EventType "swiss"]
[EventRounds "5"]
[EventCountry "CAN"]
[SourceTitle "EXT 2022"]
[Source "ChessBase"]
[SourceDate "2021.10.06"]
[SourceVersion "1"]
[SourceVersionDate "2021.10.06"]
[SourceQuality "1"]

1. e4 e5 2. Nf3 Nc6 3. d4 exd4 4. Nxd4 Qh4 5. Nc3 Bb4 6. Qd3 Nf6 7. Nxc6 Bxc3+ 8. Qxc3 Qxe4+ 9. Be3 Qxc6 10. Qe5+ Qe6 11. Qxc7 Nd5 12. Qg3 Nxe3 13. Qxe3 Qxe3+ 14. fxe3 d5 15. O-O-O Be6 1/2-1/2

[Event "Montcalm op 7 2012-13"]
[Site "Quebec CAN"]
[Date "2013.05.09"]
[Round "3"]
[White "Ripoll, Arthur"]
[Black "Bender, Karl"]
[Result "1-0"]
[WhiteElo "1560"]
[BlackElo "1579"]
[PlyCount "71"]
[GameId "2160767909364472"]
[EventDate "2013.04.25"]
[EventType "swiss"]
[EventRounds "5"]
[EventCountry "CAN"]
[SourceTitle "EXT 2022"]
[Source "ChessBase"]
[SourceDate "2021.10.06"]
[SourceVersion "1"]
[SourceVersionDate "2021.10.06"]
[SourceQuality "1"]

1. e4 e5 2. Nf3 Nc6 3. Bc4 d6 4. c3 Bg4 5. d3 Qf6 6. Nbd2 Na5 7. Qa4+ Nc6 8. Qb3 b6 9. Bb5 Nge7 10. Qa4 Bd7 11. d4 exd4 12. cxd4 Nb8 13. O-O Bxb5 14. Qxb5+ c6 15. Qb3 Qe6 16. Qd3 h6 17. Re1 Qg6 18. Nh4 Qh7 19. Nf5 Kd7 20. Nc4 Nxf5 21. exf5 Be7 22. Bf4 g5 23. Qe4 Bf6 24. Bxd6 Na6 25. Ne5+ Bxe5 26. dxe5 Rae8 27. Qa4 Qxf5 28. Qxa6 Qc2 29. Qxa7+ Ke6 30. Qxb6 Ra8 31. Rac1 Qd2 32. Qxc6 Rhc8 33. Bc7+ Ke7 34. Qd6+ Qxd6 35. exd6+ Kf8 36. d7 1-0

[Event "Montcalm op 7 2012-13"]
[Site "Quebec CAN"]
[Date "2013.05.16"]
[Round "4"]
[White "Bourassa, Andre"]
[Black "Sarra-Bournet, Marc"]
[Result "0-1"]
[WhiteElo "1715"]
[BlackElo "1832"]
[PlyCount "48"]
[GameId "2160767909364473"]
[EventDate "2013.04.25"]
[EventType "swiss"]
[EventRounds "5"]
[EventCountry "CAN"]
[SourceTitle "EXT 2022"]
[Source "ChessBase"]
[SourceDate "2021.10.06"]
[SourceVersion "1"]
[SourceVersionDate "2021.10.06"]
[SourceQuality "1"]

1. d4 d5 2. c4 e6 3. Nc3 Nf6 4. e3 Be7 5. Nf3 O-O 6. Bd3 Nbd7 7. Ne5 c5 8. Nxd7 Bxd7 9. dxc5 dxc4 10. Bxc4 Bxc5 11. O-O Qc7 12. Qe2 Bc6 13. b3 Rad8 14. Bb2 a6 15. a4 Bd6 16. h3 Bh2+ 17. Kh1 Be5 18. Rfd1 Qa5 19. Rxd8 Rxd8 20. Rd1 Rxd1+ 21. Nxd1 Bxb2 22. Nxb2 Qf5 23. Qd2 Qxh3+ 24. Kg1 Qxg2# 0-1

[Event "Montcalm op 7 2012-13"]
[Site "Quebec CAN"]
[Date "2013.05.16"]
[Round "4"]
[White "Cummins, Paul"]
[Black "Ripoll, Arthur"]
[Result "0-1"]
[WhiteElo "1749"]
[BlackElo "1560"]
[PlyCount "64"]
[GameId "2160767909364474"]
[EventDate "2013.04.25"]
[EventType "swiss"]
[EventRounds "5"]
[EventCountry "CAN"]
[SourceTitle "EXT 2022"]
[Source "ChessBase"]
[SourceDate "2021.10.06"]
[SourceVersion "1"]
[SourceVersionDate "2021.10.06"]
[SourceQuality "1"]

1. d4 d5 2. c4 c6 3. cxd5 cxd5 4. Nc3 Nf6 5. Nf3 e6 6. g3 Be7 7. Bg2 O-O 8. O-O Nbd7 9. Bf4 Nh5 10. Be3 g6 11. Rc1 a6 12. Ne5 f6 13. Nxd7 Bxd7 14. Nxd5 exd5 15. Bxd5+ Kh8 16. Bxb7 Rb8 17. Bxa6 Rxb2 18. Qd3 Rxa2 19. Rc3 Qa5 20. Bc4 Bf5 21. Qd1 Qxc3 22. Bxa2 Bh3 23. Bd2 Qxd4 24. e3 Qd6 25. g4 Ng7 26. Bc3 Bxf1 27. Qxf1 Rd8 28. Bd4 Ne6 29. Qc4 Nxd4 30. exd4 Qxd4 31. Qe6 Qd6 32. Qc4 Qe5 0-1

[Event "Montcalm op 7 2012-13"]
[Site "Quebec CAN"]
[Date "2013.05.23"]
[Round "5"]
[White "Hines, Jason"]
[Black "Bourassa, Andre"]
[Result "0-1"]
[WhiteElo "1261"]
[BlackElo "1715"]
[PlyCount "60"]
[GameId "2160767909364475"]
[EventDate "2013.04.25"]
[EventType "swiss"]
[EventRounds "5"]
[EventCountry "CAN"]
[SourceTitle "EXT 2022"]
[Source "ChessBase"]
[SourceDate "2021.10.06"]
[SourceVersion "1"]
[SourceVersionDate "2021.10.06"]
[SourceQuality "1"]

1. e4 c5 2. Nf3 d6 3. d4 cxd4 4. Nxd4 Nf6 5. Nc3 a6 6. Bc4 e6 7. O-O b5 8. Bd3 Bb7 9. a3 Nbd7 10. b4 Rc8 11. Qe1 Ne5 12. Bg5 Be7 13. Bxf6 Bxf6 14. Nb1 Nxd3 15. cxd3 Bxd4 16. Nd2 Bxa1 17. Qxa1 O-O 18. Nf3 Rc2 19. Rd1 Qb6 20. Nd4 Rc7 21. h3 Rfc8 22. Kh2 e5 23. Nf5 Qxf2 24. Nxd6 Qf4+ 25. Kh1 Rc1 26. Rxc1 Rxc1+ 27. Qxc1 Qxc1+ 28. Kh2 Bc8 29. Nf5 Bxf5 30. exf5 Qxa3 0-1

[Event "Montcalm op 7 2012-13"]
[Site "Quebec CAN"]
[Date "2013.05.23"]
[Round "5"]
[White "Sarra-Bournet, Marc"]
[Black "Ripoll, Arthur"]
[Result "1/2-1/2"]
[WhiteElo "1832"]
[BlackElo "1560"]
[PlyCount "117"]
[GameId "2160767909364476"]
[EventDate "2013.04.25"]
[EventType "swiss"]
[EventRounds "5"]
[EventCountry "CAN"]
[SourceTitle "EXT 2022"]
[Source "ChessBase"]
[SourceDate "2021.10.06"]
[SourceVersion "1"]
[SourceVersionDate "2021.10.06"]
[SourceQuality "1"]

1. e4 e5 2. Nf3 Nc6 3. Bb5 f5 4. exf5 e4 5. Bxc6 bxc6 6. Ne5 Nf6 7. O-O Bd6 8. d4 O-O 9. Bg5 Qe8 10. Bxf6 Rxf6 11. Ng4 Rxf5 12. Nc3 Bf4 13. Qe2 d5 14. g3 Rg5 15. Ne3 Bh3 16. Ng2 Bd6 17. Rfe1 Bg4 18. Qe3 Qh5 19. Ne2 Rf8 20. Nef4 Bxf4 21. Nxf4 Rxf4 22. Qxf4 Rf5 23. Qxc7 Rf6 24. Qd8+ Kf7 25. f4 Qh3 26. Rf1 Bf3 27. Rf2 g5 28. fxg5 Rf5 29. Raf1 Kg6 30. Qg8+ Kh5 31. Qxh7+ Kg4 32. Qxh3+ Kxh3 33. Rxf3 exf3 34. Rf2 Kg4 35. Kf1 Rxg5 36. Ke1 Rg7 37. Kd2 Rb7 38. b3 Re7 39. a4 a5 40. c3 Rb7 41. Kc2 Re7 42. Kd3 Re1 43. Kd2 Rb1 44. Kc2 Ra1 45. Kd3 Ra3 46. Rb2 Ra1 47. Ke3 Re1+ 48. Kf2 Rh1 49. Ke3 Rg1 50. b4 axb4 51. cxb4 Re1+ 52. Kd3 Ra1 53. a5 Ra3+ 54. Kd2 Ra1 55. Ke3 Re1+ 56. Kf2 Rh1 57. Ke3 Re1+ 58. Kd3 Rd1+ 59. Ke3 1/2-1/2

[Event "Montcalm-ch"]
[Site "Quebec CAN"]
[Date "2013.04.25"]
[Round "1"]
[White "Auger, Bertrand"]
[Black "Myre, Eric"]
[Result "1/2-1/2"]
[WhiteElo "1948"]
[BlackElo "1974"]
[PlyCount "70"]
[GameId "2160767909364477"]
[EventDate "2013.04.24"]
[EventType "tourn"]
[EventRounds "5"]
[EventCountry "CAN"]

1. Nf3 c5 2. g3 Nc6 3. d4 cxd4 4. Nxd4 g6 5. Bg2 Bg7 6. Be3 Nf6 7. h3 O-O 8. O-O d5 9. Nxc6 bxc6 10. c4 Qa5 11. Qd2 Qa6 12. Nc3 Qxc4 13. b3 Qb4 14. Rac1 Rd8 15. Na4 Qxd2 16. Bxd2 Bd7 17. Nc5 Be8 18. Ba5 Rdc8 19. h4 Nd7 20. e3 e6 21. Rfd1 Nxc5 22. Rxc5 Bf8 23. Rc2 Rab8 24. Bc3 c5 25. Be5 Rb6 26. Bf1 Bb5 27. Bg2 Bg7 28. Bxg7 Kxg7 29. Rdc1 Bd3 30. Rxc5 Rxc5 31. Rxc5 Bb5 32. Rc8 Rb7 33. Bf3 Bd3 34. Rc5 Ba6 35. Ra5 Bd3 1/2-1/2

[Event "Montcalm-ch"]
[Site "Quebec CAN"]
[Date "2013.04.25"]
[Round "1"]
[White "Bonneau, Daniel"]
[Black "Bleau, John"]
[Result "0-1"]
[Annotator "Bleau,John"]
[WhiteElo "2044"]
[BlackElo "1999"]
[PlyCount "74"]
[GameId "2160767909364478"]
[EventDate "2013.04.24"]
[EventType "tourn"]
[EventRounds "5"]
[EventCountry "CAN"]

1. d4 Nf6 2. Nf3 d5 3. e3 e6 4. Bd3 c5 5. c3 Nbd7 6. Nbd2 Bd6 7. O-O O-O 8. Re1 Qc7 9. h3 h6 10. Qe2 Re8 11. e4 e5 12. dxc5 Nxc5 13. Bb5 Bd7 14. Bxd7 Qxd7 15. exd5 e4 16. Nd4 Nd3 17. Rd1 Nf4 18. Qf1 Rac8 19. c4 Bb8 20. N2b3 Nd3 21. Nd2 Qd6 22. g3 Nxf2 23. Qxf2 e3 24. Qg2 exd2 25. Bxd2 Rxc4 26. Nf5 Qe5 27. Qf1 Qxd5 28. Bc3 Qc5+ 29. Kh2 Ne4 30. Re1 Re6 31. Rad1 Bc7 32. Bxg7 Rc2+ 33. Re2 Rxe2+ 34. Qxe2 Qxf5 35. Bxh6 Bxg3+ 36. Kg2 Bc7 37. Bc1 Rg6+ 0-1